00834cam a22002415a 4500001000800000005001700008008004100025040004600066082001900112100005300131245004800184260004000232300002900272504005100301650003000352650002300382650003000405651001000435653002300445942000800468999001700476952009900493842532620171220110945.0711117t1960 enka frb 001 0 eng d aDLCcODaWUdOCoLCdUkdDLCdEG-ScBUEbeng04a337.7222bSTA1 aStamp, L. Dudleyq(Laurence Dudley),d1898-1966.10aOur developing world /cby L. Dudley Stamp. aLondon :bFaber and Faber,cc.1960. a195 p. :bill. ;c23 cm. aIncludes bibliographical references and index. 7aNatural resources.2BUEsh 7aPopulation.2BUEsh 7aFood Supply2BUEsh910434 2BUEsh bGGENcDecember2017 2ddc c25752d25724 00102ddc4070aMAINbMAINc1STd2017-12-20l0o337.7 STAp000046948r2025-07-15 00:00:00yBB